<?xml version="1.0" encoding="UTF-8"?>
<record
    xmlns:xsi="http://www.w3.org/2001/XMLSchema-instance"
    xsi:schemaLocation="http://www.loc.gov/MARC21/slim http://www.loc.gov/standards/marcxml/schema/MARC21slim.xsd"
    xmlns="http://www.loc.gov/MARC21/slim">

  <leader>01169nam0a22002531  4500</leader>
  <controlfield tag="001">RU\NLR\19V\934537</controlfield>
  <controlfield tag="005">20260409063001.0</controlfield>
  <datafield tag="035" ind1=" " ind2=" ">
    <subfield code="a">(NLR Aleph) 005290776</subfield>
  </datafield>
  <datafield tag="090" ind1=" " ind2=" ">
    <subfield code="a">6187812</subfield>
    <subfield code="c">6187812</subfield>
  </datafield>
  <datafield tag="100" ind1=" " ind2=" ">
    <subfield code="a">20130424d1916    |||y0rusy50      ca</subfield>
  </datafield>
  <datafield tag="101" ind1="0" ind2=" ">
    <subfield code="a">rus</subfield>
  </datafield>
  <datafield tag="102" ind1=" " ind2=" ">
    <subfield code="a">RU</subfield>
  </datafield>
  <datafield tag="105" ind1=" " ind2=" ">
    <subfield code="a">y   n   |||||</subfield>
  </datafield>
  <datafield tag="200" ind1="1" ind2=" ">
    <subfield code="a">&#x41E;&#x431;&#x44F;&#x437;&#x430;&#x442;&#x435;&#x43B;&#x44C;&#x43D;&#x44B;&#x435; &#x43F;&#x43E;&#x441;&#x442;&#x430;&#x43D;&#x43E;&#x432;&#x43B;&#x435;&#x43D;&#x438;&#x44F; &#x43F;&#x43E; &#x441;&#x430;&#x43D;&#x438;&#x442;&#x430;&#x440;&#x43D;&#x43E;&#x439;, &#x432;&#x435;&#x442;&#x435;&#x440;&#x438;&#x43D;&#x430;&#x440;&#x43D;&#x43E;&#x439; &#x438; &#x441;&#x430;&#x43D;&#x438;&#x442;&#x430;&#x440;&#x43D;&#x43E;-&#x442;&#x435;&#x445;&#x43D;&#x438;&#x447;&#x435;&#x441;&#x43A;&#x43E;&#x439; &#x447;&#x430;&#x441;&#x442;&#x438; &#x432; &#x433;. &#x41E;&#x434;&#x435;&#x441;&#x441;&#x435; (&#x441; 1879 &#x433;. &#x43F;&#x43E; 1916 &#x433;.)</subfield>
    <subfield code="f">&#x41E;&#x434;&#x435;&#x441;&#x441;&#x43A;. &#x433;&#x43E;&#x440;. &#x43E;&#x431;&#x449;&#x435;&#x441;&#x442;&#x432;. &#x441;&#x430;&#x43C;&#x43E;&#x443;&#x43F;&#x440;&#x430;&#x432;&#x43B;&#x435;&#x43D;&#x438;&#x435;</subfield>
  </datafield>
  <datafield tag="210" ind1=" " ind2=" ">
    <subfield code="a">&#x41E;&#x434;&#x435;&#x441;&#x441;&#x430;</subfield>
    <subfield code="c">"&#x421;&#x43B;&#x430;&#x432;&#x44F;&#x43D;&#x441;&#x43A;&#x430;&#x44F;" &#x442;&#x438;&#x43F;&#x43E;&#x433;&#x440;&#x430;&#x444;&#x438;&#x44F;</subfield>
    <subfield code="d">1916</subfield>
  </datafield>
  <datafield tag="215" ind1=" " ind2=" ">
    <subfield code="a">IX, 232 &#x441;.</subfield>
    <subfield code="d">17</subfield>
  </datafield>
  <datafield tag="710" ind1="0" ind2="2">
    <subfield code="a">&#x41E;&#x434;&#x435;&#x441;&#x441;&#x43A;&#x430;&#x44F; &#x433;&#x43E;&#x440;&#x43E;&#x434;&#x441;&#x43A;&#x430;&#x44F; &#x434;&#x443;&#x43C;&#x430;</subfield>
    <subfield code="3">RU\NLR\AUTH\8810232758</subfield>
    <subfield code="9">350651</subfield>
  </datafield>
  <datafield tag="712" ind1="0" ind2="2">
    <subfield code="4">570</subfield>
    <subfield code="a">&#x41E;&#x434;&#x435;&#x441;&#x441;&#x43A;&#x43E;&#x435; &#x433;&#x440;&#x430;&#x434;&#x43E;&#x43D;&#x430;&#x447;&#x430;&#x43B;&#x44C;&#x441;&#x442;&#x432;&#x43E;</subfield>
    <subfield code="3">RU\NLR\AUTH\889984175</subfield>
    <subfield code="9">464074</subfield>
  </datafield>
  <datafield tag="712" ind1="0" ind2="2">
    <subfield code="4">650</subfield>
    <subfield code="a">&#x41E;&#x434;&#x435;&#x441;&#x441;&#x43A;&#x43E;&#x435; &#x433;&#x43E;&#x440;&#x43E;&#x434;&#x441;&#x43A;&#x43E;&#x435; &#x43E;&#x431;&#x449;&#x435;&#x441;&#x442;&#x432;&#x435;&#x43D;&#x43D;&#x43E;&#x435; &#x443;&#x43F;&#x440;&#x430;&#x432;&#x43B;&#x435;&#x43D;&#x438;&#x435;</subfield>
    <subfield code="3">RU\NLR\AUTH\8810083431</subfield>
    <subfield code="9">668914</subfield>
  </datafield>
  <datafield tag="801" ind1=" " ind2="0">
    <subfield code="a">RU</subfield>
    <subfield code="b">NLR</subfield>
    <subfield code="c">20130424</subfield>
    <subfield code="g">psbo</subfield>
  </datafield>
  <datafield tag="801" ind1=" " ind2="1">
    <subfield code="a">RU</subfield>
    <subfield code="b">NLR</subfield>
    <subfield code="c">20130424</subfield>
    <subfield code="2">rusmarc</subfield>
  </datafield>
  <datafield tag="852" ind1=" " ind2=" ">
    <subfield code="a">NLR</subfield>
    <subfield code="j">17.126.2.13</subfield>
  </datafield>
  <datafield tag="942" ind1=" " ind2=" ">
    <subfield code="c">BOOK</subfield>
  </datafield>
  <datafield tag="980" ind1=" " ind2=" ">
    <subfield code="a">NB</subfield>
  </datafield>
  <datafield tag="995" ind1=" " ind2=" ">
    <subfield code="5">2013-10-26</subfield>
    <subfield code="b">NLR02</subfield>
    <subfield code="c">NLR02</subfield>
    <subfield code="e">RFS</subfield>
    <subfield code="f">5290776-10</subfield>
    <subfield code="k">17.126.2.13</subfield>
    <subfield code="o">0</subfield>
    <subfield code="r">BOOK</subfield>
    <subfield code="s">17126213_</subfield>
  </datafield>
</record>
